[Event "Druzynowe Mistrzostwa Polski Juniorow - II Liga"]
[Site "Iwonicz"]
[Date "2016-07-31"]
[Round "1.80"]
[White "Fudalej, Slawomir"]
[Black "Kozlowski, Bartlomiej"]
[Result "1-0"]
[WhiteTitle "I"]
[BlackTitle "II"]
[WhiteElo "1597"]
[BlackElo "1474"]

1. d4 d5 2. c4 c6 3. Nc3 h6 4. e3 Nf6 5. Bd3 e6 6. Nf3 Be7 7. O-O O-O 8. Ne5 Nbd7
9. f4 c5 10. f5 Nxe5 11. dxe5 Nd7 12. f6 gxf6 13. Qg4+ Kh8 14. Qh5 1-0

[Event "Druzynowe Mistrzostwa Polski Juniorow - II Liga"]
[Site "Iwonicz"]
[Date "2016-07-31"]
[Round "1.83"]
[White "Reszka, Zofia"]
[Black "Wilant, Marta"]
[Result "0-1"]
[WhiteTitle "II+"]
[BlackTitle "II"]
[WhiteElo "1127"]
[BlackElo "1306"]

1. e4 e5 2. Nf3 Nc6 3. Bb5 a6 4. Ba4 Bc5 5. d3 d6 6. h3 h6 7. O-O Nge7 8. c3 O-O
9. Re1 Bb6 10. Be3 Bxe3 11. Rxe3 Kh8 12. d4 exd4 13. Nxd4 Ne5 14. Nd2 N7g6 15.
Bb3 Nf4 16. Nc4 Neg6 17. Qf3 Qf6 18. Rae1 Nh4 19. Qd1 Nfxg2 20. e5 dxe5 21. Nxe5
Nxe1 22. Qxe1 c5 23. Ne2 Qxe5 24. Rxe5 Nf3+ 25. Kh1 Nxe1 26. Rxc5 Nd3 27. Rc7
f6 28. Kg2 b6 29. Bd5 Rb8 30. Be4 Nc5 31. Bg6 Rb7 32. Rxb7 Bxb7+ 33. Kf1 Be4 34.
Bxe4 Nxe4 35. f3 Ng5 36. Kg2 Rd8 37. Nd4 Kg8 38. h4 Nf7 39. f4 Nd6 40. Kf3 Kf7
41. b3 Nb5 0-1

[Event "Druzynowe Mistrzostwa Polski Juniorow - II Liga"]
[Site "Iwonicz"]
[Date "2016-07-31"]
[Round "1.85"]
[White "Domanski, Lukasz"]
[Black "Hasterok, Mateusz"]
[Result "1-0"]
[WhiteTitle "I++"]
[BlackTitle "II+"]
[WhiteElo "2001"]
[BlackElo "1695"]

1. e4 c5 2. Nf3 Nc6 3. Bb5 g6 4. Bxc6 bxc6 5. O-O Bg7 6. Re1 Nf6 7. e5 Nd5 8. c4
Nc7 9. d4 cxd4 10. Qxd4 Ne6 11. Qh4 Qb6 12. Nc3 f6 13. Bh6 Qxb2 14. Bxg7 Nxg7
15. exf6 Nf5 16. f7+ Kf8 17. Qg5 Qxc3 18. g4 h6 19. Qf4 e5 20. Nxe5 Nh4 21. Qf6
Nf3+ 22. Kg2 Nxe5 23. Rxe5 Bb7 24. Qe7+ 1-0

[Event "Druzynowe Mistrzostwa Polski Juniorow - II Liga"]
[Site "Iwonicz"]
[Date "2016-07-31"]
[Round "1.86"]
[White "Charczenko, Dominik"]
[Black "Norek, Bartosz"]
[Result "0-1"]
[WhiteTitle "II"]
[BlackTitle "II+"]
[WhiteElo "1596"]
[BlackElo "1686"]

1. d4 d5 2. c4 e6 3. Nc3 Be7 4. Bf4 Nf6 5. e3 c6 6. Nf3 O-O 7. Bd3 dxc4 8. Bxc4
b5 9. Bb3 Nbd7 10. Rc1 Bb7 11. O-O Rc8 12. Ng5 Qb6 13. Nce4 c5 14. dxc5 Nxc5 15.
Nxf6+ Bxf6 16. Bc2 g6 17. Qg4 e5 18. Bg3 h5 19. Qh4 Ne6 20. f4 Nxg5 21. fxg5 Qxe3+
22. Kh1 Qxg5 23. Qb4 h4 24. Rxf6 Qxc1+ 25. Qe1 Rxc2 0-1

[Event "Druzynowe Mistrzostwa Polski Juniorow - II Liga"]
[Site "Iwonicz"]
[Date "2016-07-31"]
[Round "1.87"]
[White "Norek, Maciej"]
[Black "Hasterok, Lukasz"]
[Result "1-0"]
[WhiteTitle "II"]
[BlackTitle "III"]
[WhiteElo "1200"]
[BlackElo "1185"]

1. e4 c6 2. d4 d5 3. e5 c5 4. Nf3 Bg4 5. Be2 Nc6 6. Be3 cxd4 7. Bxd4 e6 8. O-O
g6 9. h3 Bxf3 10. Bxf3 Bg7 11. Re1 Qc7 12. c4 Nxd4 13. Qxd4 dxc4 14. Na3 Rd8 15.
Qe4 b6 16. Nb5 Qb8 17. Qf4 Nh6 18. Nd6+ Kf8 19. Bg4 Nf5 20. Bxf5 exf5 21. Qxc4
Rd7 22. f4 Qc7 23. Qa6 Ke7 24. Rac1 Qb8 25. Red1 Rhd8 26. Qa3 Ke6 27. Qb3+ Ke7
28. Qxf7# 1-0

[Event "Druzynowe Mistrzostwa Polski Juniorow - II Liga"]
[Site "Iwonicz"]
[Date "2016-07-31"]
[Round "2.1"]
[White "Krawiec, Grzegorz"]
[Black "Molenda, Marcin"]
[Result "0-1"]
[WhiteTitle "I"]
[BlackTitle "k"]
[WhiteElo "1791"]
[BlackElo "2267"]

1. e4 c5 2. Nf3 e6 3. d4 cxd4 4. Nxd4 Nc6 5. Nc3 Qc7 6. Ndb5 Qb8 7. Be3 Nf6 8.
a3 a6 9. Bb6 axb5 10. Nxb5 Ra5 11. Nc7+ Ke7 12. Qd3 Ne8 13. Bxa5 Nxa5 14. Nb5
d6 15. O-O-O Bd7 16. Qe3 Bxb5 17. Bxb5 Qc7 18. Kb1 b6 19. f4 Qc5 20. Qe2 Nc7 21.
Bd3 Nc6 22. g4 g5 23. f5 Bg7 24. h4 h6 25. hxg5 hxg5 26. Rxh8 Bxh8 27. c3 Ne5
28. Rh1 Bf6 29. Rh7 Qg1+ 30. Ka2 Qxg4 31. Qe3 Nd7 32. Be2 Qf4 33. Qh3 Qxe4 34.
Rxf7+ Kxf7 35. Qh7+ Bg7 36. Bh5+ Kf8 37. Qg6 Qxf5 0-1

[Event "Druzynowe Mistrzostwa Polski Juniorow - II Liga"]
[Site "Iwonicz"]
[Date "2016-07-31"]
[Round "2.2"]
[White "Koloczek, Maciej"]
[Black "Karykowska, Anna"]
[Result "1/2-1/2"]
[WhiteTitle "II"]
[BlackTitle "I++"]
[WhiteElo "1731"]
[BlackElo "1818"]

1. Nf3 d5 2. g3 Bf5 3. Bg2 Nf6 4. O-O Nbd7 5. d3 e6 6. Nbd2 Be7 7. Re1 O-O 8. e4
dxe4 9. dxe4 Bg6 10. Nh4 Bh5 11. Bf3 Bxf3 12. Nhxf3 Nc5 13. Qe2 c6 14. e5 Nd5
15. Nc4 Qc7 16. Ne3 a5 17. Nxd5 exd5 18. Nd4 f6 19. Bf4 fxe5 20. Bxe5 Bd6 21.
Ne6 Nxe6 22. Bxd6 Qxd6 23. Qxe6+ Qxe6 24. Rxe6 Rfe8 25. Rae1 Rxe6 26. Rxe6 Kf7
27. Re3 Kf6 28. f4 b5 29. Kf2 b4 30. Re5 Rd8 31. Ke3 c5 32. Kd3 h6 33. h4 a4 34.
b3 axb3 35. axb3 Rd7 36. g4 Rd8 37. h5 Rd7 38. c3 bxc3 39. Kxc3 1/2-1/2

[Event "Druzynowe Mistrzostwa Polski Juniorow - II Liga"]
[Site "Iwonicz"]
[Date "2016-07-31"]
[Round "2.3"]
[White "Fiedorek, Michal"]
[Black "Galuszka, Tomasz"]
[Result "1/2-1/2"]
[WhiteTitle "I"]
[BlackTitle "II+"]
[WhiteElo "1756"]
[BlackElo "1768"]

1. e4 c6 2. c4 d5 3. cxd5 cxd5 4. exd5 Qxd5 5. Nc3 Qd8 6. Bc4 Nc6 7. Nf3 Nf6 8.
O-O e6 9. d4 Be7 10. Re1 O-O 11. Bf4 Nb4 12. Qe2 Nbd5 13. Nxd5 Nxd5 14. Be5 b6
15. Bd3 Bb7 16. Rac1 Qd7 17. Bb5 Qd8 18. Bg3 Rc8 19. Ne5 Bg5 20. Rxc8 Qxc8 21.
Nc4 Qd8 22. Nd6 Ba8 23. Qg4 Be7 24. Be5 Nf6 25. Qg3 Nh5 26. Qg4 Nf6 27. Qg3 Nh5
28. Qg4 Nf6 29. Qg3 Nh5 30. Qg4 Nf6 31. Qg3 1/2-1/2

[Event "Druzynowe Mistrzostwa Polski Juniorow - II Liga"]
[Site "Iwonicz"]
[Date "2016-07-31"]
[Round "2.4"]
[White "Gazik, Jakub"]
[Black "Lewandowski, Wiktor"]
[Result "1-0"]
[WhiteTitle "II"]
[BlackTitle "II"]
[WhiteElo "1509"]
[BlackElo "1406"]

1. e4 c5 2. Nf3 e6 3. g3 d5 4. e5 Nc6 5. Bg2 g5 6. h3 h5 7. d4 Nxd4 8. Nxg5 Bg7
9. c3 Nf5 10. Qe2 Qc7 11. Nf3 Bd7 12. Bg5 Nfe7 13. O-O Ng6 14. Re1 N8e7 15. Nbd2
Nc6 16. c4 d4 17. Ne4 Bxe5 18. Nxe5 Ncxe5 19. Nf6+ Kf8 20. Bf4 Nxf4 21. Qxe5 Nxh3+
22. Bxh3 Rc8 23. Nxd7+ Qxd7 24. Qxh8+ Ke8 1-0

[Event "Druzynowe Mistrzostwa Polski Juniorow - II Liga"]
[Site "Iwonicz"]
[Date "2016-07-31"]
[Round "2.5"]
[White "Maciak, Gabriela"]
[Black "Kordela, Monika"]
[Result "0-1"]
[WhiteTitle "I"]
[BlackTitle "I"]
[WhiteElo "1492"]
[BlackElo "1783"]

1. e4 c5 2. Nf3 g6 3. d4 cxd4 4. Nxd4 Nc6 5. Nc3 Bg7 6. Be3 d6 7. f4 Nf6 8. Nxc6
bxc6 9. Be2 O-O 10. O-O Qc7 11. Kh1 Rb8 12. Rb1 Rd8 13. Qe1 Ng4 14. Bg1 d5 15.
h3 Nf6 16. exd5 Nxd5 17. Nxd5 cxd5 18. c3 Bf5 19. Rc1 Rxb2 20. a4 Qa5 21. Bd1
Be4 22. Rf2 Rxf2 23. Bxf2 Rc8 24. Qg1 Rxc3 25. Rxc3 Qxc3 26. Kh2 d4 27. Be1 Qc1
28. Bg3 Qd2 29. Qf1 d3 30. Bg4 f5 31. Bd1 Qc3 32. Qf2 d2 33. Qxa7 Bf8 34. Qb8
Bc2 35. Bf3 d1=Q 36. Bxd1 Bxd1 37. Qb5 Qb3 38. Qd7 Bc2 39. a5 Qa2 40. Qb5 Be4
41. Qf1 Qxa5 42. Be1 Qa2 43. Bc3 e6 44. Be5 h6 45. Kg3 Qb3+ 46. Kh2 Qc2 47. Bf6
Bd6 48. Be5 Bxe5 49. fxe5 g5 50. Qg1 f4 0-1

[Event "Druzynowe Mistrzostwa Polski Juniorow - II Liga"]
[Site "Iwonicz"]
[Date "2016-07-31"]
[Round "2.6"]
[White "Adamczyk, Zuzanna"]
[Black "Lascar, Maria Elena"]
[Result "1-0"]
[WhiteTitle "I"]
[BlackTitle "I+"]
[WhiteElo "1672"]
[BlackElo "1475"]

1. e4 c5 2. Nf3 Nc6 3. d4 cxd4 4. Nxd4 e5 5. Nb5 a6 6. Nd6+ Bxd6 7. Qxd6 Qf6 8.
Qd2 Nge7 9. a4 O-O 10. Bc4 Qg6 11. f3 d6 12. Nc3 Be6 13. Bxe6 fxe6 14. O-O Nd4
15. Qd1 Rac8 16. Be3 Nec6 17. Kh1 b5 18. axb5 axb5 19. Ne2 Qf6 20. c3 Nxe2 21.
Qxe2 b4 22. Qd2 bxc3 23. bxc3 Nd8 24. Bg5 Qg6 25. Be7 Re8 26. Bxd6 Nf7 27. Bb4
Rcd8 28. Qe2 Qg5 29. Rfd1 Rc8 30. Ra7 h6 31. h3 Red8 32. Raa1 Re8 33. Rd7 Rcd8
34. Rxd8 Rxd8 35. Rd1 Rxd1+ 36. Qxd1 Qe3 37. c4 Qb6 38. Ba3 Qa5 39. Qc1 Nd8 40.
Bd6 Nc6 41. c5 Qb4 42. Qe3 Qb1+ 43. Kh2 Qc2 44. f4 exf4 45. Qxf4 Nd4 46. Qg4 g5
47. h4 Kf7 48. hxg5 hxg5 49. Qh5+ Kg8 50. Qxg5+ Kf7 51. Qh5+ Kg8 52. Qe8+ Kh7
53. Qf7+ Kh6 54. Bf4# 1-0

[Event "Druzynowe Mistrzostwa Polski Juniorow - II Liga"]
[Site "Iwonicz"]
[Date "2016-07-31"]
[Round "2.7"]
[White "Raczynski, Krzysztof"]
[Black "Pasieka, Marcin"]
[Result "1-0"]
[WhiteTitle "I++"]
[BlackTitle "I"]
[WhiteElo "2074"]
[BlackElo "1768"]

1. e4 c5 2. Nf3 Nc6 3. d4 cxd4 4. Nxd4 Nf6 5. Nc3 e5 6. Ndb5 d6 7. Bg5 a6 8. Na3
b5 9. Nd5 Be7 10. Bxf6 Bxf6 11. c4 b4 12. Nc2 Rb8 13. b3 O-O 14. h4 Be7 15. Nde3
a5 16. g3 Nd4 17. Bg2 Bb7 18. O-O g6 19. Nxd4 exd4 20. Nc2 Bf6 21. Qd3 Be5 22.
Nxd4 Qb6 23. Rad1 Rbe8 24. f4 Bg7 25. Rf2 f5 26. exf5 Bxd4 27. Qxd4 Re1+ 28. Kh2
Qxd4 29. Rxd4 Bxg2 30. Kxg2 Rxf5 31. Rxd6 Kg7 32. Rd7+ Kg8 33. Rfd2 Ra1 34. Ra7
h5 35. Rd8+ 1-0

[Event "Druzynowe Mistrzostwa Polski Juniorow - II Liga"]
[Site "Iwonicz"]
[Date "2016-07-31"]
[Round "2.8"]
[White "Kupiecki, Szymon"]
[Black "Kaminski, Piotr"]
[Result "1/2-1/2"]
[WhiteTitle "II"]
[BlackTitle "I"]
[WhiteElo "1432"]
[BlackElo "1902"]

1. e4 c5 2. Nf3 Nc6 3. d4 cxd4 4. Nxd4 g6 5. Nc3 Bg7 6. Be3 Nf6 7. Bc4 O-O 8. Bb3
d6 9. f3 Bd7 10. Qd2 Rc8 11. O-O-O Ne5 12. h4 h5 13. Qe2 Qa5 14. Qe1 Nc4 15. Nd5
Nxd5 16. Qxa5 Nxa5 17. Bxd5 Nc4 18. Bf2 Rc7 19. Kb1 Rfc8 20. Bxc4 Rxc4 21. Rd2
Bh6 22. Re2 b6 23. Rd1 Kf8 24. c3 b5 25. Nb3 R4c7 26. Bd4 Be6 27. e5 dxe5 28.
Bxe5 Bf5+ 29. Ka1 Rd7 30. Rxd7 Bxd7 31. Re1 f6 32. Bd4 Rc7 33. Bc5 Bf5 34. Bb4
Kf7 35. Nd4 Bd3 36. Ne6 Rd7 37. Nc5 Rd5 38. Nxd3 Rxd3 39. Rxe7+ Kg8 40. b3 Rd1+
41. Kb2 Rd2+ 42. Kb1 Rd1+ 43. Kc2 Rd2+ 44. Kb1 Rd1+ 45. Kc2 Rd2+ 46. Kb1 Rd1+
47. Kc2 Rd2+ 48. Kb1 Rd1+ 49. Kc2 Rd2+ 50. Kb1 Rd1+ 51. Kc2 Rd2+ 1/2-1/2

[Event "Druzynowe Mistrzostwa Polski Juniorow - II Liga"]
[Site "Iwonicz"]
[Date "2016-07-31"]
[Round "2.9"]
[White "Mietkiewicz, Jacek"]
[Black "Niedbala, Bartlomiej"]
[Result "1-0"]
[WhiteTitle "I"]
[BlackTitle "I"]
[WhiteElo "1687"]
[BlackElo "1626"]

1. d4 Nf6 2. c4 e5 3. dxe5 Ng4 4. e4 Nxe5 5. f4 Nec6 6. Be3 Bb4+ 7. Nc3 O-O 8.
Nf3 Re8 9. Bd3 d6 10. Rc1 Bf5 11. O-O Bxc3 12. Rxc3 Nd7 13. exf5 Rxe3 14. f6 Rxd3
15. Qxd3 Qxf6 16. Qd2 Nc5 17. Re3 Rf8 18. b4 Ne6 19. Re4 Ne7 20. Kh1 Ng6 21. Ng1
Qf5 22. Qd5 Qf6 23. Qxb7 a5 24. f5 Ng5 25. Ree1 Ne5 26. bxa5 Nd3 27. Rb1 Qd4 28.
Nf3 Nxf3 29. gxf3 Qxc4 30. a6 Nc5 31. Qb5 Qxb5 32. Rxb5 Nxa6 33. Ra5 Nb8 34. Ra7
c5 35. a4 d5 36. Rc7 Na6 37. Rc6 Ra8 38. Rd1 h6 39. a5 c4 40. Kg2 Nb4 41. Rc5
Nd3 42. Rxd5 Nf4+ 43. Kf2 Nxd5 44. Rxd5 Rc8 45. Ke2 c3 46. Kd1 c2+ 47. Kc1 Kf8
48. a6 Ke7 49. a7 Ra8 50. Ra5 Kd6 51. Kxc2 Kc6 52. Kc3 Kb6 53. Kb4 Kc6 54. Kc4
Kb6 55. Ra2 Kc6 56. Ra3 Kb6 57. Kd5 Kc7 58. Kc5 g5 59. fxg6 fxg6 60. Ra6 Kb7 61.
Kb5 g5 62. h3 h5 63. Rb6+ Kc7 64. Rg6 g4 65. fxg4 hxg4 66. hxg4 Rf8 67. Rg7+ Kd6
68. Kb6 1-0

[Event "Druzynowe Mistrzostwa Polski Juniorow - II Liga"]
[Site "Iwonicz"]
[Date "2016-07-31"]
[Round "2.10"]
[White "Lichorad, Mateusz"]
[Black "Lepski, Maksymilian"]
[Result "1-0"]
[WhiteTitle "II"]
[BlackTitle "II"]
[WhiteElo "1594"]
[BlackElo "1442"]

1. e4 c5 2. Nf3 d6 3. d4 cxd4 4. Nxd4 Nf6 5. Nc3 a6 6. Bg5 e6 7. f4 Be7 8. Qf3
Qc7 9. O-O-O Nbd7 10. Bd3 b5 11. Rhe1 Bb7 12. g4 O-O 13. Kb1 h6 14. Bxf6 Bxf6
15. Nce2 e5 16. Nf5 exf4 17. Nxf4 Ne5 18. Qe2 Ng6 19. Nh5 Be5 20. h4 Nf4 21. Nxf4
Bxf4 22. g5 d5 23. exd5 Rfe8 24. Qxe8+ Rxe8 25. Rxe8+ Kh7 26. Re7 Qb8 27. Rxb7
Qd8 28. Nxh6+ 1-0

[Event "Druzynowe Mistrzostwa Polski Juniorow - II Liga"]
[Site "Iwonicz"]
[Date "2016-07-31"]
[Round "2.11"]
[White "Szelag, Zuzanna"]
[Black "Kotula, Magdalena"]
[Result "1-0"]
[WhiteTitle "I++"]
[BlackTitle "I+"]
[WhiteElo "1732"]
[BlackElo "1567"]

1. e4 c5 2. Nf3 Nc6 3. d4 cxd4 4. Nxd4 Nf6 5. Nc3 e5 6. Ndb5 d6 7. Bg5 a6 8. Na3
b5 9. Nd5 Be7 10. Bxf6 Bxf6 11. c3 Bg5 12. Nc2 O-O 13. a4 bxa4 14. Rxa4 a5 15.
Bc4 Rb8 16. b3 Kh8 17. O-O f5 18. exf5 Bxf5 19. Qe2 e4 20. h3 Bh4 21. Bb5 Ne5
22. Nd4 Nf3+ 23. Kh1 Bxh3 24. Qxe4 Bxg2+ 25. Kxg2 Qg5+ 26. Kh1 Nd2 27. Qg2 Qxg2+
28. Kxg2 Nxf1 29. Bxf1 Bxf2 30. Nf3 Bc5 31. Bc4 Ra8 32. Nc7 Ra7 33. Ne6 Rf6 34.
Bd5 Rf5 35. Be4 Rf6 36. Nd8 d5 37. Bxd5 Rd7 38. Nf7+ Kg8 39. Bc4 Kf8 40. Rxa5
Bb6 41. Ra8+ Ke7 42. N7e5 Rc7 43. Rg8 Kd6 44. Rb8 Ba7 45. Rb5 Rc5 46. Rxc5 Bxc5
47. b4 Bb6 48. Bb3 Rf5 49. Nd3 h5 50. c4 Kd7 51. c5 Ba7 52. Nfe5+ Kc7 53. Be6
Rf6 54. Bd5 g5 55. b5 Bxc5 56. Nxc5 Kd6 57. Bc6 Rf5 58. Ncd3 Kc7 59. Nc4 h4 60.
Nde5 Rf4 61. b6+ Kc8 62. b7+ Kc7 63. Nd7 h3+ 64. Kh2 Rf2+ 65. Kxh3 1-0

[Event "Druzynowe Mistrzostwa Polski Juniorow - II Liga"]
[Site "Iwonicz"]
[Date "2016-07-31"]
[Round "2.12"]
[White "Hertlein, Irena"]
[Black "Furtak, Joanna"]
[Result "1/2-1/2"]
[WhiteTitle "I"]
[BlackTitle "I+"]
[WhiteElo "1488"]
[BlackElo "1686"]

1. d4 Nf6 2. Nf3 g6 3. g3 Bg7 4. Bg2 O-O 5. c4 c5 6. e3 d6 7. Nc3 Na6 8. O-O Nc7
9. b3 Rb8 10. Bb2 Bd7 11. Rc1 Qc8 12. Re1 Bh3 13. Bh1 Qg4 14. Nh4 Qxd1 15. Rcxd1
b6 16. Ng2 Bg4 17. Rd2 Bf3 18. Nf4 Bxh1 19. Kxh1 Rfe8 20. Kg2 Rbd8 21. Red1 cxd4
22. exd4 Bh6 23. Nce2 Nh5 24. Rd3 Nxf4+ 25. Nxf4 g5 26. Ne2 Ne6 27. Ba3 Kf8 28.
Bc1 Bg7 29. Nc3 Rc8 30. Ne4 h6 31. Ba3 f5 32. Nc3 Kf7 33. Bb2 Red8 34. Nd5 Nc7
35. Nxc7 Rxc7 36. Rf3 e6 37. Ba1 d5 38. cxd5 Rxd5 39. Rc3 Rxc3 40. Bxc3 e5 41.
Rc1 exd4 42. Bd2 Rd7 43. Kf3 Be5 44. Rc6 Bf6 45. h3 Kg7 46. Ke2 Be5 47. Kd3 Rf7
48. h4 Bf6 49. hxg5 hxg5 50. Bc1 Rd7 51. Rc4 Kg6 52. Bb2 Rd5 53. a4 Rc5 54. Bxd4
1/2-1/2

[Event "Druzynowe Mistrzostwa Polski Juniorow - II Liga"]
[Site "Iwonicz"]
[Date "2016-07-31"]
[Round "2.13"]
[White "Leskiewicz, Ignacy"]
[Black "Brozyna, Mateusz"]
[Result "1-0"]
[WhiteTitle "I"]
[BlackTitle "I"]
[WhiteElo "1921"]
[BlackElo "1831"]

1. e4 c5 2. Nf3 e6 3. d4 cxd4 4. Nxd4 Nf6 5. Nc3 d6 6. Be3 Be7 7. g4 h6 8. f3 Nc6
9. Qd2 d5 10. Bb5 Bd7 11. Bxc6 Bxc6 12. e5 Nd7 13. f4 Bh4+ 14. Bf2 Bxf2+ 15. Qxf2
Qb6 16. O-O-O O-O-O 17. Qe2 a6 18. Rhf1 Rhe8 19. Rf3 Qc7 20. b4 Nb6 21. b5 Bxb5
22. Ncxb5 axb5 23. Nxb5 Qc5 24. Nd6+ Rxd6 25. exd6 Nc4 26. Rc3 Kd7 27. f5 Ra8
28. fxe6+ fxe6 29. Re1 Qxd6 30. Rxc4 Qa3+ 31. Kd1 dxc4 32. Qxe6+ Kc7 33. Qxc4+
Kd7 34. Qf7+ Kc6 35. Re6+ Kc5 36. Qf5+ 1-0

[Event "Druzynowe Mistrzostwa Polski Juniorow - II Liga"]
[Site "Iwonicz"]
[Date "2016-07-31"]
[Round "2.14"]
[White "Piwowarczyk, Arkadiusz"]
[Black "Krol, Marcin"]
[Result "1/2-1/2"]
[WhiteTitle "II"]
[BlackTitle "I"]
[WhiteElo "1568"]
[BlackElo "1626"]

1. d4 d5 2. c4 c6 3. cxd5 cxd5 4. Nc3 Nf6 5. Bf4 Qb6 6. Qc2 Nc6 7. e3 Bf5 8. Qb3
Qxb3 9. axb3 e6 10. Bb5 Bb4 11. Rc1 O-O 12. Bxc6 bxc6 13. f3 Rac8 14. Kf2 Nh5
15. Bg3 Nxg3 16. hxg3 c5 17. Nge2 Rfd8 18. Na2 Kf8 19. Nxb4 cxb4 20. Rc5 Rxc5
21. dxc5 Rc8 22. Rc1 e5 23. Ng1 Ke7 24. f4 f6 25. Nf3 Ke6 26. fxe5 fxe5 27. Ng5+
Kf6 28. Nf3 h6 29. Nd2 Ke6 30. Nf3 Rc6 1/2-1/2

[Event "Druzynowe Mistrzostwa Polski Juniorow - II Liga"]
[Site "Iwonicz"]
[Date "2016-07-31"]
[Round "2.15"]
[White "Nowak, Mikolaj"]
[Black "Suder, Jakub"]
[Result "0-1"]
[WhiteTitle "I++"]
[BlackTitle "I"]
[WhiteElo "2091"]
[BlackElo "1751"]

1. Nf3 Nf6 2. c4 d6 3. g3 Nbd7 4. Bg2 g6 5. O-O Bg7 6. Nc3 O-O 7. d3 e5 8. Rb1
Ne8 9. b4 f5 10. Qb3 h6 11. Ba3 Kh7 12. c5 dxc5 13. bxc5 c6 14. Rfd1 Nc7 15. Nd2
Na6 16. Na4 Rf6 17. e3 Rb8 18. Qc2 Bf8 19. Bb2 Re6 20. d4 b5 21. cxb6 axb6 22.
dxe5 Qc7 23. f4 b5 24. Nc3 Ndc5 25. Nb3 Nb4 26. Qd2 Qa7 27. Nxc5 Bxc5 28. Re1
Rb7 29. Qd8 Bd7 30. Rbd1 Bb6 31. Qf8 Bxe3+ 32. Kh1 Nc2 33. Re2 Be8 34. Ne4 fxe4
35. Rxc2 Qxa2 36. Bxe4 Qa4 37. Bd3 c5 38. h4 Rf7 39. Qxf7+ Bxf7 40. h5 Qa8+ 41.
Kh2 Qf3 42. hxg6+ Bxg6 43. Bxg6+ Kxg6 44. Rd7 Qf1 45. Rg2 c4 46. Ba3 c3 47. Bf8
c2 48. f5+ Qxf5 49. Rg7+ Kh5 50. g4+ Qxg4 51. R7xg4 c1=Q 52. Bg7 Bf4+ 0-1

[Event "Druzynowe Mistrzostwa Polski Juniorow - II Liga"]
[Site "Iwonicz"]
[Date "2016-07-31"]
[Round "2.16"]
[White "Piwowarczyk, Bartlomiej"]
[Black "Klimkowski, Jan"]
[Result "1/2-1/2"]
[WhiteTitle "II+"]
[BlackTitle "II"]
[WhiteElo "1425"]
[BlackElo "1443"]

1. e4 c5 2. Nf3 Nc6 3. d4 cxd4 4. Nxd4 g6 5. Nc3 Bg7 6. Nb3 Bxc3+ 7. bxc3 Nf6 8.
Bd3 d5 9. exd5 Qxd5 10. O-O O-O 11. c4 Qh5 12. Qxh5 Nxh5 13. c5 Ng7 14. Re1 Bf5
15. Bb2 e6 16. a3 Rfd8 17. Bxg7 Kxg7 18. Bxf5 exf5 19. Rad1 Kf6 20. h3 Rxd1 21.
Rxd1 Rd8 22. Rxd8 Nxd8 23. f4 Ke6 24. c4 Kd7 25. Kf2 Kc6 26. Ke3 Ne6 27. g3 Nxc5
28. Nd2 h5 29. Kd4 Kd6 30. Nf3 f6 31. Nh4 Ne6+ 32. Kc3 Nf8 33. Nf3 Kc5 34. Nd4
a6 35. Nb3+ Kc6 36. Nd4+ Kc5 37. Nb3+ Kc6 38. Nd4+ Kc5 39. Nb3+ Kc6 1/2-1/2

[Event "Druzynowe Mistrzostwa Polski Juniorow - II Liga"]
[Site "Iwonicz"]
[Date "2016-07-31"]
[Round "2.17"]
[White "Dwilewicz, Katarzyna"]
[Black "Kasperek, Kinga"]
[Result "1/2-1/2"]
[WhiteTitle "I++"]
[BlackTitle "I"]
[WhiteElo "1786"]
[BlackElo "1585"]

1. e4 c5 2. Nf3 e6 3. d4 cxd4 4. Nxd4 Nf6 5. Nc3 Nc6 6. Ndb5 Bb4 7. a3 Bxc3+ 8.
Nxc3 d5 9. exd5 exd5 10. Bd3 O-O 11. O-O d4 12. Ne2 Bg4 13. f3 Bh5 14. b4 a6 15.
Nf4 Bg6 16. Nxg6 hxg6 17. Bg5 Qd6 18. Qd2 Rfe8 19. Rad1 Rac8 20. Rfe1 b5 21. Rxe8+
Rxe8 22. Bxf6 Qxf6 23. Be4 Rd8 24. Qf2 Ne5 25. h3 Nc4 26. Rd3 Qe5 27. Bb7 Qf6
28. f4 Rd7 29. Be4 Nb6 30. Qd2 Qd8 31. Qf2 Qf6 32. g4 Nc4 33. g5 1/2-1/2

[Event "Druzynowe Mistrzostwa Polski Juniorow - II Liga"]
[Site "Iwonicz"]
[Date "2016-07-31"]
[Round "2.18"]
[White "Laszczuk, Zuzanna"]
[Black "Waligora, Julia"]
[Result "0-1"]
[WhiteTitle "I"]
[BlackTitle "I"]
[WhiteElo "1043"]
[BlackElo "1349"]

1. e4 e6 2. d4 d5 3. e5 c5 4. c3 Nc6 5. Nf3 Qb6 6. Bd3 Bd7 7. O-O cxd4 8. cxd4
Nxd4 9. Nxd4 Qxd4 10. Nc3 Qxe5 11. Re1 Qd6 12. Qb3 Bc6 13. Bb5 Nf6 14. Bxc6+ Qxc6
15. Bf4 a6 16. Rac1 Be7 17. Be5 Qd7 18. Na4 Qb5 19. Qc2 O-O 20. Nc3 Qd7 21. Re3
Ng4 22. Rh3 f5 23. Qe2 Nxe5 24. Qxe5 Bf6 25. Qg3 Bxc3 26. bxc3 Rac8 27. Re1 Rc6
28. Qe5 Qd6 29. Qd4 Rc4 30. Qd2 Qc6 31. Rg3 g6 32. Rge3 Re4 33. Rb1 Rxe3 34. Qxe3
Re8 35. h3 b5 36. Rb3 e5 37. g3 d4 38. cxd4 exd4 39. Qxd4 Re1+ 40. Kh2 Qh1# 0-1

[Event "Druzynowe Mistrzostwa Polski Juniorow - II Liga"]
[Site "Iwonicz"]
[Date "2016-07-31"]
[Round "2.19"]
[White "Czerniawski, Krzysztof"]
[Black "Wisniewski, Jacek"]
[Result "1/2-1/2"]
[WhiteTitle "I"]
[BlackTitle "k"]
[WhiteElo "1904"]
[BlackElo "1989"]

1. Nf3 d5 2. d4 Nc6 3. g3 Bg4 4. Bg2 Qd7 5. O-O O-O-O 6. c3 e5 7. dxe5 Nge7 8.
Bg5 Bxf3 9. exf3 Nxe5 10. f4 N5c6 11. Bxe7 Bxe7 12. b4 Bf6 13. b5 Ne7 14. Qd3
Qf5 15. Qf3 g5 16. fxg5 Qxf3 17. Bxf3 Bxg5 18. Na3 Ng6 19. Rad1 c6 20. bxc6 bxc6
21. Rfe1 Kc7 22. Nc2 Rhe8 23. Kf1 Bf6 24. Nd4 Rxe1+ 25. Kxe1 Ne5 26. Bh5 c5 27.
Ne2 Kc6 28. f4 Ng6 29. Bf3 c4 30. Rb1 Re8 31. Kd2 a5 32. a4 Ne7 33. Rb5 Ra8 34.
Nd4+ Bxd4 35. cxd4 Ra7 36. Rc5+ Kd6 37. Rb5 Kc6 38. Rc5+ Kd6 39. Rb5 Kc6 40. Kc3
Rb7 41. Rxb7 Kxb7 42. Bh5 f6 1/2-1/2

[Event "Druzynowe Mistrzostwa Polski Juniorow - II Liga"]
[Site "Iwonicz"]
[Date "2016-07-31"]
[Round "2.20"]
[White "Maminski, Hubert"]
[Black "Fudalej, Slawomir"]
[Result "1-0"]
[WhiteTitle "I"]
[BlackTitle "I"]
[WhiteElo "1801"]
[BlackElo "1597"]

1. d4 d5 2. c4 e6 3. Nc3 Nf6 4. e3 c6 5. Nf3 Nbd7 6. Qc2 Bd6 7. Bd3 e5 8. cxd5
cxd5 9. dxe5 Nxe5 10. Bb5+ Bd7 11. Bxd7+ Qxd7 12. Nd4 O-O 13. O-O Rac8 14. Qb3
Bb8 15. Rd1 Rfd8 16. Bd2 Nc4 17. Be1 Ne4 18. Rac1 Nxc3 19. Bxc3 a6 20. Qc2 b5
21. Qf5 Qd6 22. Nf3 b4 23. Be5 Qe6 24. Qxe6 fxe6 25. Bxb8 Rxb8 26. b3 Nd6 27.
Nd4 Re8 28. Rc6 Ne4 29. Nxe6 Nc3 30. Rd2 Rec8 31. Rxa6 Nxa2 32. g3 Nc1 33. Rxd5
Nxb3 34. Ra7 Kh8 35. Rxg7 Rg8 36. Rf7 Rg6 37. Nf4 Rg7 38. Rxg7 Kxg7 39. Nd3 Na1
40. Ra5 Nc2 41. Ra2 b3 42. Rb2 Kf6 43. Nc1 Na1 44. Rb1 b2 45. Nd3 Rb3 46. Nxb2
Nc2 47. Kf1 Ke6 48. h3 Kf5 49. Ke2 Na3 50. Ra1 Rxb2+ 51. Kf3 Nc4 52. g4+ Ke5 53.
Kg3 Nd2 54. Ra5+ Ke4 55. Rf5 Nf1+ 56. Kh4 Nd2 57. Kh5 Rb6 58. Rf4+ Ke5 59. h4
Ne4 60. g5 h6 61. f3 Ng3+ 62. Kg4 hxg5 63. hxg5 Rg6 64. Kxg3 Rxg5+ 65. Rg4 Rh5
66. Ra4 Rh1 67. Ra5+ Kf6 68. e4 Re1 69. Kf4 Rf1 70. Ra6+ Ke7 71. Kg4 Rb1 72. e5
Rb3 73. f4 Rb4 74. Kf5 Rb7 75. Rh6 Rb5 76. Rh7+ Ke8 77. Kf6 Ra5 78. e6 Kd8 79.
f5 Rb5 80. Rh8+ Kc7 81. e7 Rb6+ 82. Kf7 Rb8 83. Rxb8 Kxb8 84. e8=Q+ 1-0

[Event "Druzynowe Mistrzostwa Polski Juniorow - II Liga"]
[Site "Iwonicz"]
[Date "2016-07-31"]
[Round "2.21"]
[White "Maciak, Jakub"]
[Black "Golecki, Jan"]
[Result "0-1"]
[WhiteTitle "II"]
[BlackTitle "I+"]
[WhiteElo "1582"]
[BlackElo "1758"]

1. e4 e5 2. Nf3 Nf6 3. Nxe5 d6 4. Nf3 Nxe4 5. d3 Nf6 6. d4 d5 7. Bd3 Bd6 8. O-O
O-O 9. Bg5 Bg4 10. Nbd2 c5 11. dxc5 Bxc5 12. c3 Qb6 13. Qc2 Nbd7 14. Rfe1 Bxf2+
15. Kf1 Bxe1 16. Rxe1 Rfe8 17. Rxe8+ Rxe8 18. Nd4 Ne5 19. N2b3 Nxd3 20. Qxd3 Qd6
21. Qg3 Qa6+ 22. Kg1 Qxa2 23. h3 Qb1+ 24. Kh2 Re1 25. Nc1 Qe4 26. Bxf6 gxf6 27.
Nd3 Re3 28. Qb8+ Kg7 29. Nf2 Qe5+ 30. Qxe5 fxe5 31. Nxg4 exd4 32. Nxe3 dxe3 33.
Kg3 f5 34. Kf3 f4 35. g3 fxg3 36. Kxg3 Kf6 37. Kf3 Ke5 38. Kxe3 a5 39. b3 b5 40.
Kd3 h5 41. h4 a4 42. bxa4 bxa4 43. Kc2 Kf4 44. Kb2 0-1